Responses for show #2775 - Friday, September 27, 1996

Contestants

Ted Snelgrove, a marketing manager originally from Minneapolis, Minnesota

Linda Holling, a substitute teacher from Santa Monica, California

Jason Benton, a teacher from Amenia, New York (whose 2-day cash winnings total $14,100)

Jeopardy! Round responses

THE NEW $100 BILL
SCIENCE
10-LETTER WORDS
ART
THE 1995 GRAMMYS
"B" CITIES
    $100 26
1929

Jason
    $100 23
geyser

Jason
    $100 11
marionette

Linda
    $100 1
Michelangelo

Jason
    $100 16
Rap

Jason
    $100 6
Bombay

Linda
    $200 27
ultraviolet

Linda
    $200 24
tools

Jason
    $200 12
tabernacle

Linda
    $200 2
Cubist

Jason
    $200 17
Frank Sinatra

Jason
    $200 7
Brasília

Linda
    $300 28
Benjamin Franklin

Ted
    $300 25
pendulum

Jason
    $300 13
gingivitis

Jason
    $300 3
Hudson River School

Jason
    $300 18
Shania Twain

Triple Stumper
    $300 8
Birmingham

Linda
    $400 29
(Linda: What is the Treasury Building?)
(Ted: What is the U.S. Capitol?)

Independence Hall

LindaTed
Triple Stumper
    $400 22
lunar eclipse

Linda
    $400 14
filibuster

Linda
    $600 4
(Jason: What is pottery?)

mosaic

Jason
    $400 19
Stevie Wonder

Triple Stumper
    $400 9
Bucharest

Jason
    $500 30
watermark

Ted
    $500 21
tellurium

Ted
    $500 15
backgammon

Jason
    $500 5
(Linda: Who is N.C. Wyeth?)

Andrew Wyeth

JasonLinda
    $500 20
Los Lobos

Ted
    $500 10
Brisbane

Linda

Scores at the first commercial break (after clue 14):

Jason Linda Ted
$1,200 $1,300 $0

Scores at the end of the Jeopardy! Round:

Jason Linda Ted
$2,700 $1,500 $1,400

Double Jeopardy! Round responses

BOB DOLE
POETS & POETRY
AROUND THE U.S.A.
COOKING TERMS
WARS & REVOLUTIONS
HOLLYWOOD HODGEPODGE
    $200 26
Pat Buchanan

Jason
    $200 21
Milton

Jason
    $200 16
Texas

Ted
    $200 11
curing

Jason
    $200 1
Beijing

Linda
    $200 2
Brown Derby

Linda
    $400 27
Senate Majority Leader

Ted
    $400 22
Robert Burns

Jason
    $1,000 17
(Ted: What is the electric parade in Disneyland?)
(Alex: You're right, [*]. And unfortunately for a lot of people who enjoy going to Disneyland, that parade will end next month, but there is still a parade at Disney World in Florida.)

Main Street Electrical Parade

Ted
    $400 12
(Jason: What is maple syrup?)

molasses

JasonLinda
    $400 6
Simón Bolivar

Linda
    $400 3
Zeppo

Linda
    $600 28
Gerald Ford

Jason
    $600 23
the bells

Triple Stumper
    $600 18
Helen Keller

Jason
    $600 13
(Jason: What is yeast?)
(Linda: What is baking soda?)

baking powder

JasonLinda
Triple Stumper
    $600 8
(Linda: What is the uh, 100 Years War?)

Wars of the Roses

JasonLinda
    $600 4
Edith Head

Linda
    $800 29
Italy

Jason
    $800 24
onomatopoeia

Jason
    $800 19
Rapid City

Ted
    $800 14
fluting or crimping

Triple Stumper
    $1,300 9
Santa Anna

Jason
    $800 5
Huxley

Ted
    $1000 30
Russell

Linda
    $1000 25
(Alex: Correct, and we have one minute to go.)

John Donne

Linda
    $1000 20
Philadelphia

Linda
    $1000 15
mousse

Jason
    $1000 10
French & Indian War

Linda
    $1000 7
(Ted: Who is Keaton?)

Charlie Chaplin

JasonTed

Scores at the end of the Double Jeopardy! Round:

Jason Linda Ted
$9,400 $6,500 $3,600

[wagering suggestions for these scores]

Final Jeopardy! Round responses

STATESMEN
TedWho was Darrow
$3,000
LindaWho was Winston Churchill?
$2,901
JasonWho is Bryan
$3,600
William Jennings Bryan

Final scores:

Jason Linda Ted
$13,000 $3,599 $600
3-day champion: $27,100 2nd place: trip to Hilo, Hawaii & stay at Volcano House + Crossword Companion 3rd place: Whirlpool dishwasher & trash compactor + Crossword Companion

Game dynamics:

Coryat scores:

Jason Linda Ted
$9,500 $6,500 $3,000
25 R
(including 1 DD),
3 W
(including 1 DD)
19 R,
4 W
9 R
(including 1 DD),
2 W

Combined Coryat: $19,000

The J! Archive is created by fans, for fans. The Jeopardy! game show and all elements thereof, including but not limited to copyright and trademark thereto, are the property of Jeopardy Productions, Inc. and are protected under law. This website is not affiliated with, sponsored by, or operated by Jeopardy Productions, Inc. Join the discussion at JBoard.tv.